LEADER 01711nam0 22003131i 450 001 SUN0044577 005 20200430091145.346 010 $a88-08-19788-3$d0.00 100 $a20060421d2005 |0itac50 ba 101 $aita 102 $aIT 105 $a|||| ||||| 200 1 $a*Principi di chimica$fPeter Atkins, Loretta Jones 205 $a2. ed. italiana condotta sulla 3. ed. americana 210 $aBologna$cZanichelli$d2005 215 $aIX, 930 p.$cill.$d29 cm. 620 $dBologna$3SUNL000003 676 $a540$cChimica generale$v22 700 1$aAtkins$b, Peter$3SUNV014300$062922 701 1$aJones$b, Loretta$3SUNV014301$062341 712 $aZanichelli$3SUNV004332$4650 801 $aIT$bSOL$c20200504$gRICA 912 $aSUN0044577 950 $aUFFICIO DI BIBLIOTECA DEL DIPARTIMENTO DI SCIENZE E TECNOLOGIE AMBIENTALI BIOLOGICHE E FARMACEUTICHE$d17CONS Ca94 $e17BIB1120 20060421 $sSottolineato 950 $aUFFICIO DI BIBLIOTECA DEL DIPARTIMENTO DI SCIENZE E TECNOLOGIE AMBIENTALI BIOLOGICHE E FARMACEUTICHE$d17PREST Ca95 $e17BIB1121 20060421 $sBuono 950 $aUFFICIO DI BIBLIOTECA DEL DIPARTIMENTO DI SCIENZE E TECNOLOGIE AMBIENTALI BIOLOGICHE E FARMACEUTICHE$d17PREST Ca93 $e17BIB1122 20060421 $sSottolineato 950 $aUFFICIO DI BIBLIOTECA DEL DIPARTIMENTO DI SCIENZE E TECNOLOGIE AMBIENTALI BIOLOGICHE E FARMACEUTICHE$d17PREST Ca96 $e17BIB1123 20060421 $sSottolineato 996 $aChemical principles$928813 997 $aUNICAMPANIA